Digital Signal Processing (Record no. 3904)
[ view plain ]
| 000 -LEADER | |
|---|---|
| fixed length control field | 00333nam a2200133Ia 4500 |
| 008 - FIXED-LENGTH DATA ELEMENTS--GENERAL INFORMATION | |
| fixed length control field | 191201s2009 xx 000 0 und d |
| 082 ## - DEWEY DECIMAL CLASSIFICATION NUMBER | |
| Classification number | 621.3822 |
| Item number | SAD |
| 100 ## - MAIN ENTRY--PERSONAL NAME | |
| Personal name | Salivahanan,S |
| 245 #0 - TITLE STATEMENT | |
| Title | Digital Signal Processing |
| 260 ## - PUBLICATION, DISTRIBUTION, ETC. (IMPRINT) | |
| Place of publication, distribution, etc | N.Delhi |
| Name of publisher, distributor, etc | Tata mc Graw Hill |
| Date of publication, distribution, etc | 2009 |
| 300 ## - PHYSICAL DESCRIPTION | |
| Extent | 808 |
| 650 ## - SUBJECT ADDED ENTRY--TOPICAL TERM | |
| Topical term or geographic name as entry element | B.Tech(ECE) |
| 942 ## - ADDED ENTRY ELEMENTS (KOHA) | |
| Source of classification or shelving scheme | Dewey Decimal Classification |
| Koha item type | Text Books |
| 942 ## - ADDED ENTRY ELEMENTS (KOHA) | |
| -- | 10 |
| Withdrawn status | Lost status | Source of classification or shelving scheme | Damaged status | Not for loan | Collection code | Home library | Current library | Date acquired | Source of acquisition | Cost, normal purchase price | Bill Number | Total Checkouts | Full call number | Acc. no. / Barcode | Date last seen | Date last borrowed | Bill Date | Koha item type |
|---|---|---|---|---|---|---|---|---|---|---|---|---|---|---|---|---|---|---|
| Dewey Decimal Classification | B.Tech(ECE) | PIET C-LIBRARY | PIET C-LIBRARY | 05/03/2009 | J B C, New Delhi | 300.00 | SI-6119 | 6 | 621.3822 SAD | 11944 | 24/12/2025 | 03/12/2025 | 28/02/2009 | Text Books | ||||
| Dewey Decimal Classification | B.Tech(ECE) | PIET C-LIBRARY | PIET C-LIBRARY | 05/03/2009 | J B C, New Delhi | 300.00 | SI-6119 | 6 | 621.3822 SAD | 11945 | 15/01/2025 | 02/01/2025 | 28/02/2009 | Text Books | ||||
| Dewey Decimal Classification | B.Tech(ECE) | PIET C-LIBRARY | PIET C-LIBRARY | 05/03/2009 | J B C, New Delhi | 300.00 | SI-6119 | 5 | 621.3822 SAD | 11946 | 10/01/2025 | 02/01/2025 | 28/02/2009 | Text Books | ||||
| Dewey Decimal Classification | B.Tech(ECE) | PIET C-LIBRARY | PIET C-LIBRARY | 05/03/2009 | J B C, New Delhi | 300.00 | SI-6119 | 3 | 621.3822 SAD | 11947 | 26/11/2024 | 12/11/2024 | 28/02/2009 | Text Books | ||||
| Dewey Decimal Classification | B.Tech(ECE) | PIET C-LIBRARY | PIET C-LIBRARY | 05/03/2009 | J B C, New Delhi | 300.00 | SI-6119 | 621.3822 SAD | 11948 | 04/12/2019 | 28/02/2009 | Text Books |